Quizzes
Events
Quiz Creation
Community
Videos
Private Events
Remove Ads
Sign In
Join for FREE
Feedback
Dark Mode
Quiz Categories
Sports
Geography
Music
Movies
Television
Just For Fun
Miscellaneous
History
Literature
Language
Science
Gaming
Entertainment
Religion
Holiday
For Kids
Quiz Lab
Recent
Popular Today
Quiz Kudos Today
Editor Picks
Curator Picks
Quizzes by...
Day
Popularity
Type
Ratings
Length
Year
Community
Subscriptions
Recent Discussions
Orange Saloon
Badges
Playlists
Quests
Create
Leaderboards
Showdown
Live 5
Trivia Bingo
Activity
Puzzle Library
Sporcle Events
Private Events
Virtual Trivia
Globe League
Become a Host
Pub Owners
SporcleCon
Opinionation
Our Games
Videos
Blog
Mobile Apps
Partnerships
Remove Ads and Go Orange
Feedback
Literature
Harry Potter
A Song of Ice and Fire
The Hunger Games
Literary Character
Shakespeare
Book
Author
Novel
Poem
Young Adult
Children's Books
Play
Lord of the Rings
Literature
Harry Potter
A Song of Ice and Fire
The Hunger Games
Literary Character
Shakespeare
Book
Author
Novel
Poem
Young Adult
Children's Books
Play
Lord of the Rings
Random Quiz
Search Sporcle
×
Quiz Lab
Quiz Lab
Literature
Young Adult
Type in answers that appear in a list
Type in answers that appear in a list
Classic
Best Score? Go Orange.
Maximum Ride Characters Stats
Can you name the Maximum Ride Characters?
By
pieenthusiast
5m
39 Questions
785 Plays
785 Plays
785 Plays
Comments
Comments
Give Quiz Kudos
Give Quiz Kudos
-
- Ratings
hide this ad
More Info
Replay
Link that replays current quiz
Next Quiz
Link to next quiz in quiz playlist
You Got
0%
They Got
Avg Score
45%
Avg Friend Score
Upgrade to see
Score Distribution
Jump to the score distribution portion of the page
Score
0/39
Timer
05:00
0
Plays Today
Character
% Correct
Maximum
99.5%
Fang
98.9%
Iggy
97.4%
Angel
97.3%
Gazzy
96%
Nudge
95.4%
Jeb Batchelder
92.1%
Ari Batchelder
84.3%
Ella Martinez
80.6%
Total
73.7%
Dr. Valencia Martinez
73.7%
Dylan
65.4%
Maya
61.7%
Akila
53%
Anne Walker
51.6%
Star
43.8%
Omega
37.2%
Kate
36.7%
Ratchet
35%
Sam
34.4%
Character
% Correct
Mr. Chu
33.6%
Erasers
31.7%
Holden
30.9%
Dr. Hans Gunther Hagen
29.9%
Marian Janssen
26.7%
Flyboys
26.3%
Brigid Dwyer
26.1%
The Uber Director
24.5%
Gozen
20.4%
M-Geeks
19.5%
The Krelp
17%
Beth
16.6%
Mark
16.5%
Dumb-bots
16.3%
Roland Ter Borcht
13%
Adam
9.8%
Captain Perry
8.7%
John Abate
7.4%
Lieutenant Colonel Palmer
5.9%
Quiz Playlist
Details
Report
Send in Message
Add To Playlist
More Info:
These characters come from ALL the Maximum Ride books. Just a hint, folks.
Classic:
Type in answers that appear in a list
Last Updated: Feb 16, 2017
Quiz Scoreboard
CHALLENGE
Sign Up to Join the Scoreboard
Show All
Scores
Hide
Comments
May contain spoilers
Recently Published
Pick 6: Fruits
by JohnFran
Miscellaneous
15s
Click the 1999 NBA Draft
by nibperrychub
Sports
2m
Alphabetical 'K' Countries by Flag Minefield
by ylime102
Geography
3m
More to Explore
Quiz From the Vault
Featured Blog Post
15 Basketball Trivia Facts You Can Be March Mad About
hide this ad
You Might Also Like...
Tags
Young Adult Quiz
Maximum
Maximum Ride
ride
Today's Top Quizzes in Literature
Browse Literature
hide this ad
Today's Top Quizzes in Young Adult
Browse Young Adult
Top Contributed Quizzes in Literature
1
Season Plays
2
Pick 3: Harry Potter Hogwarts Quidditch Players
3
4-to-1 Blitz: Harry Potter
4
percy jackson logic puzzle
5
Dumbledore's Army Logic Puzzle
6
Harry Potter Logic Quiz New
7
Jane Eyre Character Quotes
8
Harry Potter: Partnered Harry Trio Venn Diagram
9
Word Ladder: King's 'The Stand'
10
Literature Acrostic Puzzle
Explore More
Trending Topics
Crossword
Harry Potter
NBA
Marvel
Kpop
Anime
Disney
WWE
NFL
Pokémon
Puzzle
Song
The Office
Country
Soccer
hide this ad
More By:
pieenthusiast
Quiz
Plays
Rating
Category
Featured
Created
All Hunger Games Tributes
24,569
4.22
Literature
Feb 27, 2011
Hunger Games-Who Said It?
6,818
3.63
Literature
Apr 26, 2011
Hunger Games A-Z
5,654
2.94
Literature
May 13, 2011
The Hunger Games Characters
3,275
3.00
Literature
Feb 26, 2011
Maximum Ride Name Chain
2,938
3.33
Literature
Feb 21, 2011
Go to Creator's Profile
Score Distribution
Quiz Creator Spotlight
pieenthusiast
Follow
Send a Message
Quizzes Created
-
Created Quiz Play Count
-
More By This Creator
Popular Quizzes Today
1
Countries of Asia Without Outlines Minefield
2
Find the US States - No Outlines Minefield
3
Pick 6: Fruits
4
Alphabetical 'K' Countries by Flag Minefield
5
The Countries of the World
6
Find the US States
7
Match the Book to the Film X
8
US States
More Literature Quizzes
Which Harry Potter B Character
Editor's Pick
Trending Quizzes
Pick 6: Harry Potter
Pick 6: Mountains
Pick 6: NFL Teams
Pick 6: Movie Franchises
Pick 6: Golfers
Recently Updated
NWSL Teams
pecheneg
Women's Final Four Teams by Year
bhenderson79
Presidents Quartet II
eogle
Anything But Clue(do)
eogle
Anything But Oceanian Capitals
eogle
Anything But 7
eogle
Anything But Thing
eogle
Word Ladder: February 29
pecheneg
Song Title Questions
pecheneg
Women's NCAA Tournament #1 Seeds
pecheneg
Trending Topics
NBA
Kpop
Disney
Anime
Harry Potter
Marvel
Crossword
WWE
Song
Puzzle
Country
Pokémon
The Office
Soccer
NFL
Your Account Isn't Verified!
In order to create a playlist on Sporcle, you need to verify the email address you used during registration. Go to your
Sporcle Settings
to finish the process.
Report this User
Report this user for behavior that violates our
Community Guidelines
.
Details:
Send Report
Go to the Sporcle.com Mobile Site →
Comments